LEADER 00875nam0-22003131i-450- 001 990006718250403321 005 20001010 035 $a000671825 035 $aFED01000671825 035 $a(Aleph)000671825FED01 035 $a000671825 100 $a20001010d--------km-y0itay50------ba 101 0 $aita 105 $ay-------001yy 200 1 $aSampling from a finite population$fJaroslav Hajek, Vaclav Dupac.- 210 $aNew York$cM. Dekker Inc.$d1981 215 $aVIII, 247 p.$d23 cm 225 1 $aStatistics$ctext books and monographs$v37 300 $a 700 1$aHajek,$bJaroslav$062681 702 1$aDupac,$bVaclav 801 0$aIT$bUNINA$gRICA$2UNIMARC 901 $aBK 912 $a990006718250403321 952 $aVI E 287 (37)$b4493$fFSPBC 959 $aFSPBC 996 $aSampling from a finite population$9198522 997 $aUNINA DB $aGEN01 LEADER 01041cam0-2200337---450- 001 990007868970403321 005 20111116161025.0 010 $a88-8264-253-4 035 $a000786897 035 $aFED01000786897 035 $a(Aleph)000786897FED01 035 $a000786897 100 $a20040416d2003----km-y0itay50------ba 101 0 $aita 102 $aIT 105 $a--------001yy 200 1 $aPost-ermetismo solidale$eetica e pedagogismo ianualiano$esaggio sulla poetica di Gianni Ianuale con cenni di antropologia ed etica della letteratura per le scuole$fRosario Cerciello 210 $aNapoli$cLER$d2003 215 $a109 p.$d21 cm 610 0 $aIanuale, Gianni$aOpere$aCritica 676 $a851.91409 700 1$aCerciello,$bRosario$0282064 801 0$aIT$bUNINA$gRICA$2UNIMARC 901 $aBK 912 $a990007868970403321 952 $a851.91409 CER 1$bBibl.46714$fFLFBC 952 $a851.91409 CER 1BIS$fNAP03 959 $aFLFBC 959 $aNAP03 996 $aPost-ermetismo solidale$9673219 997 $aUNINA